[Event "Cheliabinsk Panchenko Memorial op-B"]
[Site "Cheliabinsk"]
[Date "2022.09.16"]
[Round "5"]
[White "Sannikova, Anna"]
[Black "Zimova, Ekaterina"]
[Result "1/2-1/2"]
[WhiteElo "1936"]
[BlackElo "1309"]
[PlyCount "89"]
[EventDate "2022.09.12"]
[EventType "swiss"]
[EventRounds "10"]
[EventCountry "RUS"]
[SourceTitle "CBM 210 Extra"]
[Source "ChessBase"]
[SourceDate "2022.11.30"]
[SourceVersion "1"]
[SourceVersionDate "2022.11.30"]
[SourceQuality "1"]

1. e4 e5 2. Nf3 d6 3. d4 exd4 4. Nxd4 Nf6 5. Nc3 Be7 6. Bf4 0-0 7. Qd2 c6 8. 0-0-0 d5 9. exd5 Nxd5 10. Nxd5 Qxd5 11. Nb3 Qxd2+ 12. Rxd2 Nd7 13. Bd3 Nc5 14. Nxc5 Bxc5 15. Re1 Be6 16. Be3 Bxe3 17. Rxe3 a5 18. a4 Rad8 19. f4 g6 20. c3 Rfe8 21. Rde2 Bd7 22. Bc4 Rxe3 23. Rxe3 Re8 24. Kd2 Kg7 25. Rxe8 Bxe8 26. Ke3 b6 27. g4 f5 28. g5 c5 29. b3 h6 30. h4 h5 31. Kd3 Kf8 32. Bd5 Ke7 33. Kc4 Kd6 34. Bg8 Kc6 35. Be6 Kd6 36. Bd5 Kc7 37. b4 Kd6 38. bxc5+ bxc5 39. Bg8 Bxa4 40. Kd3 Bb5+ 41. c4 Be8 42. Kc3 Ke7 43. Bd5 Ba4 44. Kb2 Bd1 45. Ka3 1/2-1/2

[Event "Voronezh Petrovsky op"]
[Site "Voronezh"]
[Date "2022.06.16"]
[Round "8"]
[White "Vlasova, Olesia"]
[Black "Sannikova, Anna"]
[Result "1-0"]
[WhiteElo "1850"]
[BlackElo "1921"]
[PlyCount "103"]
[EventDate "2022.06.10"]
[EventType "swiss"]
[EventRounds "9"]
[EventCountry "RUS"]
[SourceTitle "EXT 2023"]
[Source "ChessBase"]
[SourceDate "2022.10.05"]
[SourceVersion "1"]
[SourceVersionDate "2022.10.05"]
[SourceQuality "1"]

1. Nf3 d5 2. g3 Bg4 3. Bg2 Nd7 4. 0-0 c6 5. d3 Ngf6 6. c4 e6 7. cxd5 exd5 8. Qc2 Bd6 9. e4 dxe4 10. dxe4 0-0 11. Nc3 Re8 12. h3 Bh5 13. Nh4 Nb6 14. Nf5 Bc7 15. Bg5 Nbd7 16. g4 Bg6 17. f4 Bxf5 18. gxf5 Qc8 19. e5 Nh5 20. Ne4 f6 21. Qb3+ Kh8 22. Bf3 Ng3 23. Nxg3 fxg5 24. e6 gxf4 25. exd7 Qxd7 26. Rad1 Qc8 27. Ne4 Qxf5 28. Qxb7 Bb6+ 29. Kh2 Qb5 30. Nd6 Qxb2+ 31. Kh1 Rf8 32. Qxc6 Qa3 33. Nf7+ Kg8 34. Qd5 Rxf7 35. Qxa8+ Rf8 36. Qd5+ Kh8 37. Qd6 Bc5 38. Qe6 Qa4 39. Qc6 Qb4 40. Rfe1 Be3 41. Qd6 Bc5 42. Qe6 Be3 43. Rb1 Qd2 44. Re2 Qc3 45. Qc6 Qe5 46. Qd7 Qc3 47. Qf5 Bc5 48. Qe4 Be3 49. Reb2 Bb6 50. Rc2 Qa3 51. Bg4 Qg3 52. Rc8 1-0

[Event "Voronezh Petrovsky op"]
[Site "Voronezh"]
[Date "2022.06.12"]
[Round "3"]
[White "Sannikova, Anna"]
[Black "Kovalenko, Sergey"]
[Result "1/2-1/2"]
[WhiteElo "1921"]
[BlackElo "2214"]
[PlyCount "70"]
[EventDate "2022.06.10"]
[EventType "swiss"]
[EventRounds "9"]
[EventCountry "RUS"]
[SourceTitle "EXT 2023"]
[Source "ChessBase"]
[SourceDate "2022.10.05"]
[SourceVersion "1"]
[SourceVersionDate "2022.10.05"]
[SourceQuality "1"]

1. Nf3 Nf6 2. c4 e6 3. e3 d5 4. b3 c5 5. Bb2 Nc6 6. cxd5 exd5 7. Bb5 Be7 8. 0-0 0-0 9. d4 cxd4 10. Nxd4 Qb6 11. Be2 Re8 12. Nd2 Ne4 13. Rc1 Bf6 14. N2f3 Bg4 15. Ba1 Ne7 16. Qc2 Rac8 17. Qb1 Qb4 18. Nc2 Qd6 19. Bxf6 Qxf6 20. Ncd4 Ng6 21. Qb2 Bxf3 22. Bxf3 Nh4 23. Rxc8 Rxc8 24. Rc1 Nxf3+ 25. gxf3 Nd6 26. Rxc8+ Nxc8 27. Qc1 Qd8 28. Qc5 Qd7 29. Kg2 g6 30. Nb5 Qc6 31. Qb4 a6 32. Nd4 Qc7 33. a4 Ne7 34. a5 Nc6 35. Nxc6 Qxc6 1/2-1/2

[Event "Chigorin Memorial 28th"]
[Site "St Petersburg"]
[Date "2021.10.28"]
[Round "6"]
[White "Sannikova, Anna"]
[Black "Lisin, Egor"]
[Result "1-0"]
[WhiteElo "1769"]
[BlackElo "2100"]
[PlyCount "93"]
[EventDate "2021.10.23"]
[EventType "swiss"]
[EventRounds "9"]
[EventCountry "RUS"]
[SourceTitle "EXT 2023"]
[Source "ChessBase"]
[SourceDate "2022.10.05"]
[SourceVersion "1"]
[SourceVersionDate "2022.10.05"]
[SourceQuality "1"]

1. d4 Nf6 2. Bf4 g6 3. Nc3 d5 4. e3 Bg7 5. h4 c5 6. Nb5 Na6 7. Be2 c4 8. c3 Qb6 9. a4 Bd7 10. b3 Bxb5 11. axb5 Qxb5 12. bxc4 dxc4 13. Qa4 Qxa4 14. Rxa4 Nd5 15. Bxc4 Nac7 16. Bxc7 Nxc7 17. Bd3 a6 18. Ne2 Kd7 19. Kd2 e5 20. g4 Rhe8 21. Ng3 exd4 22. exd4 b5 23. Ra5 b4 24. Ne4 bxc3+ 25. Kxc3 Nb5+ 26. Rxb5 axb5 27. Bxb5+ Kc7 28. Bxe8 Rxe8 29. Kd3 Rd8 30. Rc1+ Kb6 31. Rc4 Rd7 32. Nc3 h5 33. g5 f6 34. Rb4+ Ka5 35. Rb5+ Ka6 36. Rd5 Rxd5 37. Nxd5 fxg5 38. hxg5 h4 39. Nf4 Kb5 40. Ke4 Kc4 41. d5 Bf8 42. Nxg6 h3 43. Kf3 Bd6 44. Nf4 h2 45. Kg2 Kc5 46. g6 Be5 47. g7 1-0

[Event "Chigorin Memorial 28th"]
[Site "St Petersburg"]
[Date "2021.10.27"]
[Round "5"]
[White "Sannikova, Anna"]
[Black "Suleymenov, Alisher"]
[Result "0-1"]
[WhiteElo "1769"]
[BlackElo "2443"]
[PlyCount "38"]
[EventDate "2021.10.23"]
[EventType "swiss"]
[EventRounds "9"]
[EventCountry "RUS"]
[SourceTitle "EXT 2023"]
[Source "ChessBase"]
[SourceDate "2022.10.05"]
[SourceVersion "1"]
[SourceVersionDate "2022.10.05"]
[SourceQuality "1"]

1. d4 Nf6 2. Bf4 g6 3. Nc3 d5 4. e3 Bg7 5. h4 0-0 6. h5 c5 7. hxg6 hxg6 8. Qd2 Nc6 9. Nge2 Re8 10. 0-0-0 Qa5 11. dxc5 Ne4 12. Nxe4 Qxa2 13. c3 dxe4 14. Nd4 e5 15. Nxc6 bxc6 16. Bh6 Be6 17. c4 Rab8 18. Bxg7 Qa1+ 19. Kc2 Qxb2# 0-1

[Event "Chigorin Memorial 28th"]
[Site "St Petersburg"]
[Date "2021.10.23"]
[Round "1"]
[White "Sannikova, Anna"]
[Black "Mamatov, Melis"]
[Result "1-0"]
[WhiteElo "1769"]
[BlackElo "2210"]
[PlyCount "112"]
[EventDate "2021.10.23"]
[EventType "swiss"]
[EventRounds "9"]
[EventCountry "RUS"]
[SourceTitle "EXT 2023"]
[Source "ChessBase"]
[SourceDate "2022.10.05"]
[SourceVersion "1"]
[SourceVersionDate "2022.10.05"]
[SourceQuality "1"]

1. Nf3 b5 2. e4 Bb7 3. Bxb5 Bxe4 4. Nc3 Bb7 5. d4 Nf6 6. 0-0 e6 7. Re1 Be7 8. Bf4 0-0 9. h3 c5 10. dxc5 Bxc5 11. Ne5 d5 12. Qe2 a6 13. Ba4 d4 14. Nb1 Nbd7 15. Nd2 Nxe5 16. Qxe5 Rc8 17. Rad1 Nd5 18. Bg3 Nb6 19. Bb3 a5 20. a4 Bb4 21. Qe2 Qd7 22. Qg4 Bd5 23. Be5 f6 24. Bxd4 Bxb3 25. cxb3 Rc2 26. Qxe6+ Qxe6 27. Rxe6 Nxa4 28. bxa4 Rxd2 29. Rxd2 Bxd2 30. Re2 Bb4 31. Rc2 Re8 32. Bc3 Rc8 33. Kf1 Rc4 34. Ke2 Bxc3 35. bxc3 Kf7 36. Kd3 Rxa4 37. c4 Ke6 38. Kd4 Kd6 39. Rb2 Rb4 40. Rxb4 axb4 41. c5+ Kc6 42. Kc4 b3 43. Kxb3 Kxc5 44. Kc3 Kd5 45. Kd3 h5 46. h4 Ke5 47. Ke3 Kf5 48. Kf3 g6 49. g4+ hxg4+ 50. Kg3 Ke5 51. Kxg4 Ke4 52. f4 f5+ 53. Kg5 Kf3 54. Kxg6 Kxf4 55. h5 Ke4 56. h6 f4 1-0

[Event "Moscow op (Women) 17th"]
[Site "Moscow"]
[Date "2021.02.25"]
[Round "6"]
[White "Sannikova, Anna"]
[Black "Dryaeva, Lana"]
[Result "0-1"]
[WhiteElo "1759"]
[BlackElo "1404"]
[PlyCount "148"]
[EventDate "2021.02.20"]
[EventType "swiss"]
[EventRounds "9"]
[EventCountry "RUS"]
[SourceTitle "CBM 200 Extra"]
[Source "ChessBase"]
[SourceDate "2021.03.31"]
[SourceVersion "1"]
[SourceVersionDate "2021.03.31"]
[SourceQuality "1"]

1. Nf3 Nf6 2. c4 e6 3. e3 d5 4. b3 b6 5. Bb2 Nbd7 6. Nc3 Be7 7. Qc2 Bb7 8. Be2 c5 9. cxd5 exd5 10. d4 0-0 11. 0-0 Re8 12. Rfd1 a6 13. Rac1 Bf8 14. Ne1 Rc8 15. Bf3 c4 16. bxc4 Rxc4 17. a3 b5 18. Qb3 Nb6 19. Nd3 Bd6 20. Ne2 Rxc1 21. Rxc1 Nc4 22. Rc2 Qa5 23. Nb4 Qc7 24. g3 Rc8 25. Nc3 Bxb4 26. Qxb4 Bc6 27. Qb3 Qd7 28. Ne2 g5 29. Nc1 Qf5 30. Bg2 Ne4 31. Bc3 h5 32. h3 h4 33. g4 Qd7 34. Nd3 Qe7 35. Bb4 Ned6 36. Bxd6 Qxd6 37. Nc5 a5 38. Qd3 Qg6 39. Qxg6+ fxg6 40. Rc3 Kf7 41. Kf1 Rd8 42. Ke2 Kf6 43. Kd3 a4 44. Kc2 Ke7 45. Nd3 Rf8 46. Kb1 Kd6 47. Ka2 Rf6 48. Rc2 Re6 49. Nc5 Re7 50. Bf1 Rf7 51. Re2 Rf3 52. Bg2 Rf7 53. Nd3 Re7 54. Rc2 Re8 55. Bf1 Rf8 56. Ne1 Nxe3 57. fxe3 Rxf1 58. Nd3 Rh1 59. Nf2 Re1 60. Rb2 Rxe3 61. Rc2 Bd7 62. Rd2 Rf3 63. Rc2 Bc6 64. Rd2 b4 65. axb4 Bb5 66. Rc2 Bc4+ 67. Ka1 Re3 68. Rd2 a3 69. b5 Kc7 70. Kb1 Kb6 71. Ka1 Kxb5 72. Kb1 Kb4 73. Kc1 a2 74. Kb2 Rb3+ 0-1

[Event "Moscow Time of the First U13 Girls"]
[Site "Moscow"]
[Date "2019.06.21"]
[Round "6"]
[White "Ponomareva, Varvara"]
[Black "Sannikova, Anna"]
[Result "1/2-1/2"]
[WhiteElo "1445"]
[BlackElo "1403"]
[PlyCount "151"]
[EventDate "2019.06.17"]
[EventType "swiss"]
[EventRounds "9"]
[EventCountry "RUS"]
[SourceTitle "EXT 2021"]
[Source "ChessBase"]
[SourceDate "2020.10.23"]
[SourceVersion "1"]
[SourceVersionDate "2020.10.23"]
[SourceQuality "1"]

1. d4 Nf6 2. c4 e6 3. Nc3 Bb4 4. e3 b6 5. Bd3 Bb7 6. f3 Bxc3+ 7. bxc3 d6 8. Ne2 e5 9. e4 c5 10. d5 Nbd7 11. 0-0 Qe7 12. a4 a5 13. Ng3 g6 14. Rf2 Kd8 15. Nf1 Kc7 16. Ne3 Nh5 17. g3 Ng7 18. Nc2 h5 19. h3 Raf8 20. Qf1 h4 21. g4 f5 22. Bd2 Rf7 23. Qe2 fxg4 24. fxg4 Rxf2 25. Qxf2 Rf8 26. Qg2 Rf7 27. Rf1 Rxf1+ 28. Qxf1 Nf8 29. Kg2 Bc8 30. Qf2 Bd7 31. g5 Bxa4 32. Qxh4 Qf7 33. Ne3 Nh5 34. Nf1 Bd1 35. Qf2 Qxf2+ 36. Kxf2 Kb7 37. Ne3 Ba4 38. Ng4 Nd7 39. Nh6 Nf8 40. Ng8 Kc7 41. Kf3 Bd7 42. Kg2 Kd8 43. Be2 Ng7 44. Kg3 Be8 45. Nf6 Bf7 46. Bg4 Ne8 47. Kh4 Ke7 48. Nxe8 Kxe8 49. Bd1 Ke7 50. Ba4 Nd7 51. Kg3 Nb8 52. Bb5 Nd7 53. Kg4 Nf8 54. h4 Nd7 55. Kf3 Nf8 56. Ke2 Kd8 57. Kd1 Kc7 58. Kc2 Nd7 59. Bxd7 Kxd7 60. Kb3 Kc7 61. Ka4 Be8+ 62. Kb3 Kb7 63. Be3 Ka6 64. Bd2 a4+ 65. Ka3 b5 66. Be1 bxc4 67. Bd2 Kb6 68. Bc1 Kc7 69. Kb2 Kd7 70. Kc2 Ke7 71. Kd2 Kf7 72. Ke3 Bd7 73. Ba3 Kg7 74. Kf3 Bc8 75. Ke3 Bd7 76. Kf3 1/2-1/2